[Event "AUTO-OPEN-2809"]
[Site "http://www.queenalice.com/game.php?id=1196338"]
[Date "2013.7.2"]
[Round "3"]
[White "Buddhahead"]
[Black "marcosnatal"]
[Result "1-0"]
[WhiteElo "2287"]
[BlackElo "2102"]

1. d4 d5 2. c4 c6 3. Nc3 Nf6 4. e3 e6 5. Nf3 Bb4 6. Bd2 a5 7. a3 Be7 8. Bd3 Nbd7
9. O-O h6 10. Qb3 O-O 11. Rac1 Nh7 12. e4 Ng5 13. Nxg5 Bxg5 14. Bxg5 Qxg5 15.
cxd5 cxd5 16. exd5 exd5 17. Qxd5 1-0

[Event "AUTO-OPEN-2809"]
[Site "http://www.queenalice.com/game.php?id=1196339"]
[Date "2013.7.2"]
[Round "3"]
[White "marcosnatal"]
[Black "Buddhahead"]
[Result "0-1"]
[WhiteElo "2095"]
[BlackElo "2293"]

1. d4 Nf6 2. g3 g6 3. Bg2 Bg7 4. Nf3 O-O 5. O-O d6 6. c4 Nbd7 7. Nc3 e5 8. dxe5
Nxe5 9. Bf4 Nxc4 10. Qc2 Bd7 11. Rac1 Nb6 12. b3 Re8 13. e3 Bf5 14. Qe2 c6 15.
e4 Nxe4 16. Nxe4 Bxe4 0-1

[Event "OS INCLIVEIS"]
[Site "http://www.queenalice.com/game.php?id=1198396"]
[Date "2013.7.9"]
[Round "-"]
[White "adelio"]
[Black "Buddhahead"]
[Result "0-1"]
[WhiteElo "1738"]
[BlackElo "2263"]

1. d4 Nf6 2. c4 g6 3. b4 Bg7 4. Nc3 d6 5. e4 c5 6. Bb2 cxd4 7. Qxd4 Nc6 8. Qd1
Nxe4 9. Qc2 Nxb4 10. Qxe4 Bf5 11. Qxf5 gxf5 12. Rc1 Nxa2 13. Rc2 Qa5 14. Ne2 Rc8
15. Nf4 Nxc3 16. Bxc3 Bxc3+ 17. Ke2 Qe5+ 18. Kf3 Qe4+ 19. Kg3 Rg8+ 20. Kh3 Qxf4
21. g3 Qg4+ 22. Kg2 Qe4+ 23. Kg1 Qxc2 24. h4 Rxg3+ 25. Bg2 Rxg2+ 26. Kxg2 Kd7
27. h5 Rg8+ 28. Kh3 Qd3+ 29. Kh2 Be5+ 30. f4 Bxf4# 0-1

[Event "Challenge"]
[Site "http://www.queenalice.com/game.php?id=1207401"]
[Date "2013.8.12"]
[Round "-"]
[White "eddval"]
[Black "Buddhahead"]
[Result "0-1"]
[WhiteElo "2194"]
[BlackElo "2277"]

1. d4 Nf6 2. Nf3 d5 3. c4 dxc4 4. Nc3 a6 5. a4 Nc6 6. e3 Na5 7. Ne5 Bf5 8. Bxc4
Nxc4 9. Nxc4 e6 10. O-O c5 11. b3 cxd4 12. exd4 Bb4 13. Bb2 O-O 14. Ne3 Bg6 15.
f4 Qd7 16. Nc4 Rad8 17. Ne2 Be4 18. Ng3 Bd5 19. Nb6 Qc6 20. Nxd5 Qxd5 21. Rc1
Rc8 22. Qd3 Ba5 23. h3 Bb6 24. Rc4 Rcd8 25. Kh2 Rd7 26. Rd1 Rfd8 27. Rd2 Ba7 28.
Rd1 b5 29. axb5 axb5 30. Rc2 h6 31. Rcd2 Qd6 32. Qf3 Nd5 33. Rf1 Bb8 34. Ne2 Ra7
35. g3 Qb4 36. Rfd1 Ra2 37. Qd3 Rc8 38. Rc1 Rc7 39. Rxc7 Bxc7 40. Nc3 Rxb2 41.
Rxb2 Qxc3 42. Qxc3 Nxc3 43. Kg2 Bb6 44. Rd2 Kf8 45. Kf3 Ke7 46. g4 Kd6 47. h4
Kd5 48. h5 Bxd4 49. g5 e5 50. f5 e4+ 51. Kg4 e3 52. Rxd4+ Kxd4 53. f6 gxf6 54.
gxh6 e2 55. h7 e1=Q 56. h8=Q Qg1+ 57. Kh3 Qh1+ 58. Kg4 Qg2+ 59. Kh4 Ne4 60. Qd8+
Ke3 61. Qb6+ Kf3 0-1

[Event "Challenge"]
[Site "http://www.queenalice.com/game.php?id=1207402"]
[Date "2013.8.12"]
[Round "-"]
[White "eddval"]
[Black "Buddhahead"]
[Result "0-1"]
[WhiteElo "2191"]
[BlackElo "2257"]

1. e4 e6 2. d4 d5 3. Nd2 Nf6 4. e5 Nfd7 5. Bd3 c5 6. c3 Nc6 7. Ne2 cxd4 8. cxd4
Qb6 9. Nf3 f6 10. exf6 Nxf6 11. O-O Bd6 12. Nc3 O-O 13. a3 Bd7 14. b4 e5 15.
dxe5 Nxe5 16. Be2 Nxf3+ 17. Bxf3 Be6 18. Be3 Qc7 19. Nxd5 Bxh2+ 20. Kh1 Nxd5 21.
Bxd5 Rae8 22. g3 Bxg3 23. Bc5 Qe5 24. Bxe6+ Rxe6 25. fxg3 Rh6+ 26. Kg2 Qe4+ 27.
Rf3 Rxf3 28. Qxf3 Rh2+ 29. Kxh2 Qxf3 30. Bxa7 Qe2+ 31. Kh3 b6 32. Bxb6 Qe6+ 33.
Kh2 Qxb6 34. Rf1 Qa6 35. Ra1 Qe2+ 36. Kh3 Qb2 37. Rf1 Qxa3 38. Rf4 Qb3 39. Kg4
h5+ 40. Kxh5 Qxg3 41. Rg4 Qh3+ 42. Kg5 Kf7 43. Rf4+ Ke6 44. Re4+ Kd5 45. Rg4
Qh6+ 46. Kf5 Qf6# 0-1

[Event "Challenge"]
[Site "http://www.queenalice.com/game.php?id=1210133"]
[Date "2013.8.21"]
[Round "-"]
[White "jeancarlo1910"]
[Black "Buddhahead"]
[Result "0-1"]
[WhiteElo "1773"]
[BlackElo "2267"]

1. d4 Nf6 2. Nc3 d5 3. Bg5 Nbd7 4. Nf3 h6 5. Bh4 e6 6. e4 dxe4 7. Nxe4 Be7 8.
Bb5 Nxe4 9. Bxe7 Qxe7 10. Ne5 O-O 11. Bxd7 Bxd7 12. f4 Qh4+ 13. g3 Nxg3 14. Qg4
Qxg4 15. Nxg4 Nxh1 16. Kf1 Bc6 17. Ne5 Be4 18. c3 Rfd8 19. Re1 f5 20. Kg1 Rac8
0-1

[Event "AUTO-MASTER-1831"]
[Site "http://www.queenalice.com/game.php?id=1213202"]
[Date "2013.8.30"]
[Round "2"]
[White "Buddhahead"]
[Black "luciopac"]
[Result "1-0"]
[WhiteElo "2309"]
[BlackElo "2304"]

1. d4 d5 2. c4 c6 3. Nc3 Nf6 4. e3 e6 5. Nf3 Bd6 6. b3 O-O 7. Bb2 Qe7 8. Qc2
Nbd7 9. Rd1 Re8 10. Be2 dxc4 11. bxc4 e5 12. dxe5 Nxe5 13. O-O Nxf3+ 14. Bxf3
Qe5 15. g3 Bh3 16. Rfe1 Rad8 17. Nd5 Qe6 18. Nxf6+ gxf6 19. Rd2 Bb4 20. Rxd8
Rxd8 21. Rd1 Rd6 22. Rxd6 Bxd6 23. Be4 h5 24. Bd4 c5 25. Bd5 Qf5 26. Qxf5 Bxf5
27. Bxf6 b6 28. f3 Bb1 29. a3 Bf5 30. Kf2 a6 31. Bb7 b5 32. Bxa6 bxc4 33. Bxc4
Bd7 34. Ke2 Ba4 35. Kd2 Kf8 36. Kc3 Bd1 37. f4 Ke8 38. Bb5+ Kf8 39. a4 Bf3 40.
a5 Bd5 41. a6 Bb8 42. Be5 Ba7 43. Bd6+ Kg7 44. Bc4 Bg2 45. Bd3 c4 46. Bxc4 Bxe3
47. Be5+ f6 48. Bd4 Bc1 49. Bc5 f5 50. Kc2 1-0

[Event "AUTO-MASTER-1831"]
[Site "http://www.queenalice.com/game.php?id=1213203"]
[Date "2013.8.30"]
[Round "2"]
[White "luciopac"]
[Black "Buddhahead"]
[Result "1/2-1/2"]
[WhiteElo "2356"]
[BlackElo "2308"]

1. e4 e6 2. d4 d5 3. Nd2 Nf6 4. e5 Nfd7 5. Bd3 c5 6. c3 Nc6 7. Ne2 cxd4 8. cxd4
Qb6 9. Nf3 f6 10. exf6 Nxf6 11. O-O Bd6 12. Re1 O-O 13. a3 Kh8 14. b4 e5 15.
dxe5 Nxe5 16. Ned4 Nfg4 17. Ra2 Nxf3+ 18. Nxf3 Bxh2+ 19. Nxh2 Nxf2 20. Be3 Qxe3
21. Rxe3 Nxd1 22. Re5 Bd7 23. Rc2 Rae8 24. Nf3 Bg4 25. Rxe8 Rxe8 26. Rc7 Nb2 27.
Bb5 Rb8 28. Ne5 Bf5 29. Kf2 a6 30. Bd7 Nd3+ 31. Ke3 Nxe5 32. Bxf5 Nc4+ 33. Kd4
Nxa3 34. Rc8+ Rxc8 35. Bxc8 b6 36. Bxa6 Nc2+ 37. Kc3 Ne3 38. Kd4 Nxg2 39. Kxd5
g5 40. Kc6 Ne3 41. Kxb6 Nd5+ 42. Kc5 Nxb4 43. Kxb4 Kg7 44. Kc3 Kf6 45. Kd4 Kf5
46. Bd3+ 1/2-1/2

[Event "AUTO-MASTER-1831"]
[Site "http://www.queenalice.com/game.php?id=1213204"]
[Date "2013.8.30"]
[Round "2"]
[White "Buddhahead"]
[Black "DenianCXI"]
[Result "0-1"]
[WhiteElo "2247"]
[BlackElo "2226"]

1. d4 Nf6 2. c4 e6 3. Nc3 Bb4 4. e3 c5 5. Ne2 O-O 6. a3 Bxc3+ 7. Nxc3 cxd4 8.
exd4 d5 9. c5 Nc6 10. Bf4 Ne4 11. Nxe4 dxe4 12. Bd6 Re8 13. b4 Qf6 14. Bb5 Rd8
15. Bxc6 bxc6 16. O-O Ba6 17. Re1 Bd3 18. Re3 Qxd4 19. Rc1 a5 20. Qh5 Qd5 21.
Qh4 h6 22. Rg3 Kh7 23. Qe7 Qf5 24. bxa5 Re8 25. Qd7 Bb5 26. Bc7 Rec8 27. Bb6 Kg8
28. Re1 Qd5 29. Rd1 Bd3 30. Qe7 Qb3 31. Re1 Qc3 32. Rge3 Qxa3 33. f3 Qa2 34.
fxe4 Bb5 35. Qh4 e5 36. Kh1 Qd2 37. Rf3 f6 38. Qf2 Qb4 39. Rg3 Rf8 40. Qe3 Kh7
41. Qf2 Rf7 0-1

[Event "AUTO-MASTER-1831"]
[Site "http://www.queenalice.com/game.php?id=1213205"]
[Date "2013.8.30"]
[Round "2"]
[White "DenianCXI"]
[Black "Buddhahead"]
[Result "1-0"]
[WhiteElo "2239"]
[BlackElo "2234"]

1. e4 e6 2. d4 d5 3. Nc3 Bb4 4. e5 c5 5. a3 Bxc3+ 6. bxc3 Qc7 7. Nf3 b6 8. a4
Ba6 9. Bb5+ Bxb5 10. axb5 a5 11. bxa6 Rxa6 12. Rxa6 Nxa6 13. Qe2 Nb8 14. O-O Ne7
15. c4 cxd4 16. cxd5 Nxd5 17. Nxd4 O-O 18. Ba3 Rc8 19. Rc1 Qc4 20. Qxc4 Rxc4 21.
Bb2 h5 22. Ne2 Nc6 23. Kf1 Ndb4 24. Ke1 Rxc2 25. Rxc2 Nxc2+ 26. Kd2 N2b4 27. Ng3
g6 28. Ne4 Nd5 29. Nd6 g5 30. g3 Kg7 31. Kd3 Kg6 32. Kc4 g4 33. Bd4 Kg7 34. Bb2
Kf8 35. Kb5 Ncb4 36. Bd4 Nd3 37. Bxb6 Nxb6 38. Kxb6 Nxe5 39. Kc5 Nd3+ 40. Kd4
Nxf2 41. Ke5 Kg7 42. Nc4 Nh3 43. Nd6 1-0

[Event "Challenge"]
[Site "http://www.queenalice.com/game.php?id=1215814"]
[Date "2013.9.10"]
[Round "-"]
[White "Zugswang"]
[Black "Buddhahead"]
[Result "0-1"]
[WhiteElo "2209"]
[BlackElo "2299"]

1. e4 e6 2. d4 d5 3. Nd2 Nf6 4. e5 Nfd7 5. Bd3 c5 6. c3 Nc6 7. Ngf3 Be7 8. O-O
g5 9. h3 h5 10. g4 hxg4 11. hxg4 Qb6 12. Qa4 cxd4 13. cxd4 f5 14. exf6 Nxf6 15.
Nxg5 Qxd4 16. Bb5 Qxg4+ 17. Qxg4 Nxg4 18. Ndf3 Bf6 19. Re1 Ke7 20. Kg2 Bd7 21.
Nh3 Rag8 22. Bg5 Nge5 23. Nxe5 Nxe5 24. Rxe5 Bxb5 25. f4 Kd6 26. Re3 Bc6 27.
Rae1 d4+ 28. Re4 Bxg5 29. Nxg5 Rxg5+ 30. fxg5 Rh4 31. Kf3 Rxe4 32. Rxe4 e5 33.
g6 Ke7 34. g7 Kf7 35. g8=Q+ Kxg8 0-1

[Event "Challenge"]
[Site "http://www.queenalice.com/game.php?id=1222582"]
[Date "2013.10.6"]
[Round "-"]
[White "tucot"]
[Black "Buddhahead"]
[Result "1-0"]
[WhiteElo "2335"]
[BlackElo "2312"]

1. e4 e6 2. d3 c5 3. g3 Nc6 4. Bg2 g6 5. Be3 Bg7 6. c3 b6 7. Ne2 Nge7 8. d4 d6
9. O-O O-O 10. Re1 d5 11. dxc5 1-0

[Event "Challenge"]
[Site "http://www.queenalice.com/game.php?id=1222583"]
[Date "2013.10.6"]
[Round "-"]
[White "Buddhahead"]
[Black "tucot"]
[Result "0-1"]
[WhiteElo "2301"]
[BlackElo "2342"]

1. d4 Nf6 2. c4 g6 3. Nc3 Bg7 4. e4 d6 5. Nf3 O-O 6. Be2 Bg4 7. O-O Nfd7 8. Be3
c5 9. d5 a6 10. a4 Qc7 11. Nd2 Bxe2 12. Qxe2 e5 13. dxe6 fxe6 14. f4 Nc6 15. Nf3
Nd4 16. Qd1 Qb6 17. Rf2 Rae8 18. a5 Qa7 19. Ne2 e5 20. fxe5 dxe5 21. Nc3 Nf6 22.
h3 Nh5 23. Nd5 Nf4 24. Qf1 Bh6 25. Kh1 Bg7 26. Rd1 Qb8 27. Bd2 Nxd5 28. cxd5 Qd6
29. Bc3 h6 30. Nd2 Rxf2 31. Qxf2 Rf8 32. Nc4 Qd7 33. Qd2 h5 34. Qd3 g5 35. Rf1
Rxf1+ 36. Qxf1 g4 37. b4 cxb4 38. Bxb4 Qb5 39. Be7 Bh6 40. hxg4 hxg4 41. Kg1 g3
42. Qd3 Bf4 43. Kf1 Qd7 44. Bf6 Qh7 45. Ke1 Qh1+ 46. Qf1 Qh5 47. Qd3 Nc2+ 48.
Qxc2 Qh1+ 0-1